प्राचीन भारताचा उज्वल इतिहास (Record no. 357216)

MARC details
000 -LEADER
fixed length control field 00362 a2200121 4500
005 - DATE AND TIME OF LATEST TRANSACTION
control field 20240408162357.0
008 - FIXED-LENGTH DATA ELEMENTS--GENERAL INFORMATION
fixed length control field 240408b |||||||| |||| 00| 0 eng d
020 ## - INTERNATIONAL STANDARD BOOK NUMBER
International Standard Book Number 9789390869930
100 ## - MAIN ENTRY--PERSONAL NAME
Author Joshi L.
245 ## - TITLE STATEMENT
Title प्राचीन भारताचा उज्वल इतिहास
260 ## - PUBLICATION, DISTRIBUTION, ETC.
Name of publisher, distributor, etc. Vishwakarma Publication
Date of publication, distribution, etc. 2021
942 ## - ADDED ENTRY ELEMENTS (KOHA)
Koha item type Books
Holdings
Withdrawn status Lost status Source of classification or shelving scheme Damaged status Not for loan Home library Current library Date acquired Vendor Net Price Total Checkouts Full call number Barcode Date last seen Date last checked out Actual Price Bill Date Koha item type
    Dewey Decimal Classification     Cummins College of Engineering for Women Pune Cummins College of Engineering for Women Pune 05/03/2024 87 280.00 4 891.46 JOS CCEP-BK-66710 22/07/2025 05/07/2025 350.00 05/03/2024 Books